[Event "Arab-ch (Women)"]
[Site "Khartoum"]
[Date "2023.03.04"]
[Round "8"]
[White "Noman, Shaima"]
[Black "Ibtihal, Mohammed"]
[Result "1-0"]
[WhiteElo "1451"]
[BlackElo "1437"]
[PlyCount "45"]
[EventDate "2023.02.26"]
[EventType "swiss"]
[EventRounds "9"]
[EventCountry "SUD"]
[SourceTitle "CBM 213 Extra"]
[Source "ChessBase"]
[SourceDate "2023.05.31"]
[SourceVersion "1"]
[SourceVersionDate "2023.05.31"]
[SourceQuality "1"]

1. e4 c5 2. Nf3 Nc6 3. d4 cxd4 4. Nxd4 g6 5. Be3 Bg7 6. Nc3 a6 7. Qd2 Nf6 8. f3 0-0 9. 0-0-0 d6 10. Nxc6 bxc6 11. e5 Ne8 12. Bh6 d5 13. h4 Qd7 14. g4 Qe6 15. h5 Qxe5 16. Bf4 Qe6 17. Re1 Qd7 18. hxg6 fxg6 19. Qh2 Nf6 20. Be5 e6 21. Bh3 Ra7 22. g5 Nh5 23. Bb8 1-0

[Event "Arab-ch (Women)"]
[Site "Khartoum"]
[Date "2023.03.02"]
[Round "6"]
[White "Rouda Essa, Alserkal"]
[Black "Ibtihal, Mohammed"]
[Result "1-0"]
[WhiteElo "1762"]
[BlackElo "1437"]
[PlyCount "52"]
[EventDate "2023.02.26"]
[EventType "swiss"]
[EventRounds "9"]
[EventCountry "SUD"]
[SourceTitle "CBM 213 Extra"]
[Source "ChessBase"]
[SourceDate "2023.05.31"]
[SourceVersion "1"]
[SourceVersionDate "2023.05.31"]
[SourceQuality "1"]

1. e4 c5 2. Nf3 Nc6 3. d4 cxd4 4. Nxd4 d6 5. Nc3 Bd7 6. Be3 a6 7. a4 Nf6 8. f3 g6 9. Bc4 Bg7 10. 0-0 0-0 11. Qd2 Rc8 12. Ba2 Re8 13. Rad1 Qa5 14. Qf2 Nxd4 15. Bxd4 Bxa4 16. Ra1 e5 17. Bb6 Qb4 18. Nxa4 Nd7 19. Be3 Kh8 20. Bxf7 Rf8 21. Be6 Rcd8 22. Bxd7 Rxd7 23. Nb6 Rdf7 24. c4 Bf6 25. Rfc1 Bd8 26. Nd5 Qb3 1-0

[Event "Arab-ch (Women)"]
[Site "Khartoum"]
[Date "2023.02.27"]
[Round "2"]
[White "Elizabeth, Emile Nagib Tanyous"]
[Black "Ibtihal, Mohammed"]
[Result "1/2-1/2"]
[WhiteElo "1322"]
[BlackElo "1437"]
[PlyCount "77"]
[EventDate "2023.02.26"]
[EventType "swiss"]
[EventRounds "9"]
[EventCountry "SUD"]
[SourceTitle "CBM 213 Extra"]
[Source "ChessBase"]
[SourceDate "2023.05.31"]
[SourceVersion "1"]
[SourceVersionDate "2023.05.31"]
[SourceQuality "1"]

1. e4 e5 2. Bc4 Nc6 3. d3 Nf6 4. Bg5 Be7 5. Bxf6 Bxf6 6. Nf3 d6 7. 0-0 0-0 8. c3 Qe7 9. Re1 Be6 10. Bd5 Nd8 11. d4 Bxd5 12. dxe5 dxe5 13. Qxd5 Nc6 14. Nbd2 Rad8 15. Qb3 b6 16. Qc2 Qc5 17. Rac1 Rd7 18. Re2 Rfd8 19. h3 Qd6 20. Rd1 Qd3 21. Qxd3 Rxd3 22. Rc1 Ne7 23. Rc2 Ng6 24. g3 Be7 25. Kg2 f6 26. Ne1 R3d7 27. Nc4 Bc5 28. Red2 Rxd2 29. Rxd2 Rxd2 30. Nxd2 Kf7 31. Nd3 Bd6 32. Nc4 Ke6 33. Nxd6 Kxd6 34. f4 exf4 35. Nxf4 Nxf4+ 36. gxf4 g6 37. b4 b5 38. h4 h5 39. Kf3 1/2-1/2

[Event "Olympiad Women-44"]
[Site "Chennai"]
[Date "2022.07.30"]
[Round "2.1"]
[White "Ibtihal, Mohammed"]
[Black "Al Fayyadh, Zainab Asif Abdulah"]
[Result "0-1"]
[WhiteElo "1445"]
[BlackElo "1749"]
[PlyCount "62"]
[EventDate "2022.07.29"]
[EventType "team-swiss"]
[EventRounds "11"]
[EventCountry "IND"]
[SourceTitle "CBM 210"]
[Source "ChessBase"]
[SourceDate "2022.10.31"]
[SourceVersion "1"]
[SourceVersionDate "2022.10.31"]
[SourceQuality "1"]
[WhiteTeam "Sudan (W)"]
[BlackTeam "Iraq (W)"]
[WhiteTeamCountry "SUD"]
[BlackTeamCountry "IRQ"]

1. e4 e5 2. Nf3 Nc6 3. d3 Bc5 4. g3 Nf6 5. Bg2 d6 6. 0-0 Be6 7. Qe2 Qd7 8. Be3 Bb6 9. Ng5 Nd4 10. Qd2 0-0 11. Nxe6 fxe6 12. c3 Nc6 13. Bxb6 axb6 14. Na3 Qf7 15. Nc2 Qg6 16. f3 Rf7 17. Rf2 h5 18. Kf1 Raf8 19. Ne3 Ng4 20. Nxg4 hxg4 21. f4 exf4 22. gxf4 Qh6 23. Kg1 Rxf4 24. Raf1 Rxf2 25. Rxf2 Rxf2 26. Qxf2 Qc1+ 27. Bf1 Ne5 28. Qe2 Nf3+ 29. Kg2 Qf4 30. Kh1 Nxh2 31. Bg2 g3 0-1

[Event "Addis Ababa zt 4.4 (Women)"]
[Site "Addis Ababa"]
[Date "2022.05.06"]
[Round "6"]
[White "Ibtihal, Mohammed"]
[Black "Melebo, Netsanet Lukas"]
[Result "0-1"]
[WhiteElo "1473"]
[BlackElo "1436"]
[PlyCount "40"]
[EventDate "2022.05.02"]
[EventType "swiss"]
[EventRounds "9"]
[EventCountry "ETH"]
[SourceTitle "CBM 208 Extra"]
[Source "ChessBase"]
[SourceDate "2022.07.31"]
[SourceVersion "1"]
[SourceVersionDate "2022.07.31"]
[SourceQuality "1"]

1. e4 c5 2. c3 Nc6 3. Nf3 Nf6 4. e5 Nd5 5. Bc4 Nb6 6. Bb3 e6 7. d4 d6 8. dxc5 dxc5 9. Qxd8+ Nxd8 10. Bf4 Be7 11. Nbd2 0-0 12. Rd1 Nd5 13. Bg3 b5 14. c4 Nb4 15. Ne4 Bb7 16. Nd6 Bxf3 17. gxf3 a6 18. cxb5 axb5 19. a3 Nbc6 20. Bc2 f5 0-1

[Event "Addis Ababa zt 4.4 (Women)"]
[Site "Addis Ababa"]
[Date "2022.05.04"]
[Round "5"]
[White "Mekonen, Selemawit Kidanemar"]
[Black "Ibtihal, Mohammed"]
[Result "1-0"]
[WhiteElo "1127"]
[BlackElo "1473"]
[PlyCount "50"]
[EventDate "2022.05.02"]
[EventType "swiss"]
[EventRounds "9"]
[EventCountry "ETH"]
[SourceTitle "CBM 208 Extra"]
[Source "ChessBase"]
[SourceDate "2022.07.31"]
[SourceVersion "1"]
[SourceVersionDate "2022.07.31"]
[SourceQuality "1"]

1. e4 g6 2. Nf3 Bg7 3. Bc4 c5 4. d4 cxd4 5. Nxd4 Nc6 6. Qf3 Ne5 7. Qe2 Qa5+ 8. c3 Nxc4 9. Qxc4 a6 10. 0-0 Nf6 11. Nb3 Qd8 12. e5 d5 13. Qe2 Nd7 14. f4 e6 15. Nd4 0-0 16. Nd2 a5 17. a4 Nc5 18. b3 Bd7 19. Ba3 Rc8 20. Rab1 Re8 21. c4 dxc4 22. Nxc4 Bf8 23. Qe1 Bxa4 24. Nxe6 Rxe6 25. bxa4 Qd4+ 1-0

[Event "Arab-ch (Women)"]
[Site "Sharjah"]
[Date "2018.01.29"]
[Round "4"]
[White "Ibtihal, Mohammed"]
[Black "Alraqum, Shahad"]
[Result "1-0"]
[WhiteElo "1505"]
[BlackElo "1696"]
[PlyCount "81"]
[EventDate "2018.01.27"]
[EventType "swiss"]
[EventRounds "9"]
[EventCountry "UAE"]
[SourceTitle "EXT 2019"]
[Source "ChessBase"]
[SourceDate "2018.10.10"]
[SourceVersion "1"]
[SourceVersionDate "2018.10.10"]
[SourceQuality "1"]

1. d4 d5 2. Nf3 Nf6 3. Bf4 e6 4. h3 Be7 5. e3 0-0 6. c4 c5 7. Nc3 Nc6 8. Be2 b6 9. 0-0 Bb7 10. Qb3 Ne4 11. Rfd1 Nxc3 12. Qxc3 Rc8 13. a3 Bd6 14. Bg5 Ne7 15. b4 f6 16. Bh4 Ng6 17. Rab1 Qd7 18. dxc5 bxc5 19. bxc5 Rxc5 20. Bg3 Bxg3 21. fxg3 Qc7 22. Qd4 e5 23. Rxb7 Qxb7 24. Qxc5 e4 25. Nd4 Rc8 26. Qxd5+ Qxd5 27. cxd5 Kf7 28. Nb5 Rd8 29. Nxa7 Ne7 30. d6 Nf5 31. d7 Nxe3 32. Rd2 Ke7 33. Nc6+ Kf7 34. Nxd8+ Ke7 35. Nc6+ Kf7 36. d8Q Kg6 37. Qe8+ Kf5 38. Kf2 Nc4 39. Bxc4 e3+ 40. Kxe3 g5 41. Rd5# 1-0

[Event "Arab-ch (Women)"]
[Site "Sharjah"]
[Date "2018.01.28"]
[Round "2"]
[White "Jalaluldeen, Kareen Kamal J"]
[Black "Ibtihal, Mohammed"]
[Result "1-0"]
[WhiteElo "1761"]
[BlackElo "1505"]
[PlyCount "61"]
[EventDate "2018.01.27"]
[EventType "swiss"]
[EventRounds "9"]
[EventCountry "UAE"]
[SourceTitle "EXT 2019"]
[Source "ChessBase"]
[SourceDate "2018.10.10"]
[SourceVersion "1"]
[SourceVersionDate "2018.10.10"]
[SourceQuality "1"]

1. d4 Nf6 2. c4 g6 3. Nc3 d5 4. Nf3 Bg7 5. Bf4 c6 6. e3 Bg4 7. h3 Bxf3 8. Qxf3 Qb6 9. Rb1 Qa5 10. Bd3 Na6 11. a3 Nd7 12. cxd5 cxd5 13. Qxd5 Qxd5 14. Nxd5 0-0 15. Nxe7+ Kh8 16. 0-0 Rfe8 17. Nd5 Rad8 18. Bxa6 bxa6 19. Nc7 Re7 20. Nxa6 Nb6 21. Nb4 Rc8 22. Rfc1 Ree8 23. b3 Bf8 24. Rxc8 Rxc8 25. e4 a5 26. Nd3 Bxa3 27. Ra1 Be7 28. Rxa5 Rc3 29. Nc5 Bd8 30. Ra7 Kg7 31. Ne6+ 1-0

[Event "Arab-ch (Women)"]
[Site "Khartoum"]
[Date "2016.11.06"]
[Round "7"]
[White "Alattar, Ghayda M"]
[Black "Ibtihal, Mohammed"]
[Result "1-0"]
[WhiteElo "1956"]
[BlackElo "1514"]
[PlyCount "27"]
[EventDate "2016.10.31"]
[EventType "tourn"]
[EventRounds "7"]
[EventCountry "SUD"]
[SourceTitle "EXT 2018"]
[Source "ChessBase"]
[SourceDate "2017.10.13"]
[SourceVersion "1"]
[SourceVersionDate "2017.10.13"]
[SourceQuality "1"]

1. e4 c5 2. Nf3 g6 3. d4 cxd4 4. Nxd4 Bg7 5. Nc3 Nc6 6. Be3 e6 7. Ndb5 Be5 8. f4 Bb8 9. e5 Nge7 10. Ne4 Nf5 11. Bc5 Qa5+ 12. c3 a6 13. b4 Qd8 14. Nf6+ 1-0

[Event "Olympiad Women-42"]
[Site "Baku"]
[Date "2016.09.03"]
[Round "2.62"]
[White "Kabamba, Mulwale Bwalya"]
[Black "Ibtihal, Mohammed"]
[Result "0-1"]
[WhiteElo "1683"]
[BlackElo "1479"]
[PlyCount "129"]
[EventDate "2016.09.02"]
[EventType "team-swiss"]
[EventRounds "11"]
[EventCountry "AZE"]
[SourceTitle "CBM 174 Extra"]
[Source "ChessBase"]
[SourceDate "2016.10.10"]
[SourceVersion "1"]
[SourceVersionDate "2016.10.10"]
[SourceQuality "1"]
[WhiteTeam "Zambia (W)"]
[BlackTeam "Sudan (W)"]
[WhiteTeamCountry "ZAM"]
[BlackTeamCountry "SUD"]

1. d4 d5 2. Nf3 Bf5 3. Bf4 Nc6 4. c3 Nf6 5. e3 a6 6. Be2 e6 7. h3 Be7 8. 0-0 h6 9. Nbd2 0-0 10. Re1 Na7 11. Qb3 b5 12. a3 Nc8 13. Rec1 Bd6 14. Bxd6 Nxd6 15. Qd1 Qe7 16. b4 Nfe4 17. Nxe4 Nxe4 18. Bd3 Nd6 19. Bxf5 Nxf5 20. Qe2 Nd6 21. Nd2 f6 22. Qd3 Qf7 23. Rf1 c6 24. f3 f5 25. Qe2 Qf6 26. f4 Kf7 27. a4 Ke7 28. Nf3 Ne4 29. Qe1 g5 30. Ne5 Kd6 31. Rf3 Rg8 32. Kh2 gxf4 33. exf4 Qg7 34. Ra2 bxa4 35. Qh4 a5 36. Qxh6 axb4 37. Qxg7 Rxg7 38. cxb4 Rb7 39. Nd3 Nc3 40. Ra3 Nb5 41. Nc5 Rba7 42. Rad3 a3 43. Rfe3 a2 44. Rxe6+ Kc7 45. Nb3 a1Q 46. Nxa1 Rxa1 47. g4 fxg4 48. hxg4 R8a2+ 49. Kg3 Ra3 50. Ree3 Rxd3 51. Rxd3 Rb1 52. f5 Rxb4 53. f6 Kd7 54. Re3 Nxd4 55. Re7+ Kd8 56. Kf4 Ne6+ 57. Kf5 Nf8 58. g5 d4 59. Re1 d3 60. f7 d2 61. Rd1 Rd4 62. Kf6 c5 63. Kg7 Ne6+ 64. Kf6 Nf8 65. g6 0-1

[Event "Africa-ch (Women)"]
[Site "Cairo"]
[Date "2015.05.07"]
[Round "6"]
[White "Ibtihal, Mohammed"]
[Black "Mwango, Lorita"]
[Result "0-1"]
[WhiteElo "1410"]
[BlackElo "1968"]
[PlyCount "44"]
[EventDate "2015.05.02"]
[EventType "team-swiss"]
[EventRounds "9"]
[EventCountry "EGY"]
[SourceTitle "CBM 166 Extra"]
[Source "ChessBase"]
[SourceDate "2015.06.18"]
[SourceVersion "1"]
[SourceVersionDate "2015.06.18"]
[SourceQuality "1"]

1. e4 e6 2. Nf3 d5 3. exd5 exd5 4. d4 Nf6 5. Nc3 Bb4 6. Bd2 0-0 7. a3 Bxc3 8. Bxc3 Re8+ 9. Be2 Qe7 10. Bb4 Qe6 11. Ng5 Qg4 12. Qd2 h6 13. 0-0-0 Rxe2 14. Qc3 Qxg5+ 15. Kb1 Nc6 16. Rhe1 Rxf2 17. Qg3 Qxg3 18. hxg3 Nxb4 19. axb4 Bf5 20. Rc1 Re8 21. Re5 Rxe5 22. dxe5 Ng4 0-1

[Event "Olympiad Women-41"]
[Site "Tromsoe"]
[Date "2014.08.12"]
[Round "10.3"]
[White "Ibtihal, Mohammed"]
[Black "Fernandez, Mirna Graciela"]
[Result "0-1"]
[WhiteElo "1500"]
[BlackElo "1521"]
[PlyCount "86"]
[EventDate "2014.08.02"]
[EventType "team-swiss"]
[EventRounds "11"]
[EventCountry "NOR"]
[SourceTitle "CBM 162"]
[Source "ChessBase"]
[SourceDate "2014.09.17"]
[SourceVersion "1"]
[SourceVersionDate "2014.09.17"]
[SourceQuality "1"]
[WhiteTeam "Sudan (W)"]
[BlackTeam "Honduras (W)"]
[WhiteTeamCountry "SUD"]
[BlackTeamCountry "HON"]

1. e4 e5 2. Nf3 Nc6 3. d4 exd4 4. Bc4 Nf6 5. e5 d5 6. Bb5 Ne4 7. Nxd4 Bd7 8. Bxc6 bxc6 9. 0-0 Bc5 10. Be3 Qe7 11. Bf4 0-0 12. c3 g5 13. Bg3 Nxg3 14. fxg3 Qxe5 15. Kh1 Bxd4 16. Qxd4 Qxd4 17. cxd4 Rab8 18. b3 Rfe8 19. Nc3 Rb4 20. Rad1 Re3 21. Na4 Bg4 22. Rd2 Re4 23. h3 Be2 24. Re1 Bb5 25. Rxe4 dxe4 26. Nc3 e3 27. Rd1 e2 28. Re1 Rxd4 29. Kg1 f6 30. Kf2 Rd2 31. a4 Ba6 32. Nxe2 Rb2 33. Kg1 Rxe2 34. Rxe2 Bxe2 35. Kf2 Bd1 36. Ke3 Bxb3 37. a5 Bd5 38. Kf2 Kf7 39. g4 Ke6 40. g3 c5 41. Ke3 Ke5 42. Kd3 a6 43. h4 h6 0-1

[Event "Olympiad Women-41"]
[Site "Tromsoe"]
[Date "2014.08.10"]
[Round "8.3"]
[White "Ibtihal, Mohammed"]
[Black "Joao, Delfina"]
[Result "0-1"]
[WhiteElo "1500"]
[BlackElo "1534"]
[PlyCount "80"]
[EventDate "2014.08.02"]
[EventType "team-swiss"]
[EventRounds "11"]
[EventCountry "NOR"]
[SourceTitle "CBM 162"]
[Source "ChessBase"]
[SourceDate "2014.09.17"]
[SourceVersion "1"]
[SourceVersionDate "2014.09.17"]
[SourceQuality "1"]
[WhiteTeam "Sudan (W)"]
[BlackTeam "Angola (W)"]
[WhiteTeamCountry "SUD"]
[BlackTeamCountry "ANG"]

1. e4 e6 2. d4 d5 3. e5 c5 4. c3 Qb6 5. Nf3 Nc6 6. Bd3 Bd7 7. dxc5 Bxc5 8. 0-0 a5 9. Nbd2 Qa7 10. Nb3 Bb6 11. Bc2 Nge7 12. Nbd4 Nxd4 13. Nxd4 Rc8 14. Ba4 Bxd4 15. Bxd7+ Kxd7 16. Qxd4 Qxd4 17. cxd4 Rc2 18. Rd1 Rhc8 19. Bd2 Rxb2 20. Bxa5 Rcc2 21. a3 Rxf2 22. Be1 Rxg2+ 23. Kf1 Rxh2 24. Kg1 Rbg2+ 25. Kf1 Nf5 26. Rd3 Rb2 27. Kg1 h5 28. Rad1 Rbg2+ 29. Kf1 h4 30. R1d2 Ng3+ 31. Bxg3 Rxd2 32. Rxd2 Rxd2 33. Bxh4 Ra2 34. Bf2 Rxa3 35. Kg2 Rd3 36. Kf1 b5 37. Ke2 Rc3 38. Be1 Rc4 39. Ke3 b4 40. Kd3 Kc6 0-1

[Event "Olympiad Women-41"]
[Site "Tromsoe"]
[Date "2014.08.08"]
[Round "6.2"]
[White "Amoko, Ivy Claire"]
[Black "Ibtihal, Mohammed"]
[Result "1-0"]
[WhiteElo "1803"]
[BlackElo "1500"]
[PlyCount "123"]
[EventDate "2014.08.02"]
[EventType "team-swiss"]
[EventRounds "11"]
[EventCountry "NOR"]
[SourceTitle "CBM 162"]
[Source "ChessBase"]
[SourceDate "2014.09.17"]
[SourceVersion "1"]
[SourceVersionDate "2014.09.17"]
[SourceQuality "1"]
[WhiteTeam "Uganda (W)"]
[BlackTeam "Sudan (W)"]
[WhiteTeamCountry "UGA"]
[BlackTeamCountry "SUD"]

1. e4 c5 2. Nf3 g6 3. d4 cxd4 4. Qxd4 Nf6 5. e5 Nc6 6. Qe3 Nd5 7. Qb3 Nb6 8. Bf4 Bg7 9. Bg3 a6 10. c3 0-0 11. Bd3 d6 12. exd6 exd6 13. 0-0 Re8 14. Nbd2 Ne5 15. Nxe5 Bxe5 16. Nf3 Bxg3 17. fxg3 Be6 18. Qc2 Nd5 19. Qd2 Qb6+ 20. Kh1 Rac8 21. Rae1 Bd7 22. Rxe8+ Rxe8 23. Bxg6 hxg6 24. Qxd5 Be6 25. Qd2 Bxa2 26. Qh6 Qb5 27. Qc1 Re2 28. b4 Rc2 29. Qe1 Rxc3 30. Rf2 Qc4 31. Qe8+ Kg7 32. h3 Rc1+ 33. Kh2 Rc2 34. Rxc2 Qxc2 35. Qe3 Qb2 36. Qe4 b6 37. g4 a5 38. bxa5 bxa5 39. h4 Qb4 40. Qc2 Bb3 41. Qb2+ Kh7 42. Ng5+ Kg8 43. Qf6 a4 44. h5 gxh5 45. Nf3 Qxg4 46. Qd8+ Kg7 47. Qxd6 h4 48. Qe5+ Kg6 49. Qe7 Qg3+ 50. Kh1 h3 51. Qe4+ Kg7 52. Nh4 hxg2+ 53. Nxg2 a3 54. Qd4+ f6 55. Qa7+ Kg6 56. Qxa3 f5 57. Qa6+ Kg5 58. Qa5 Kg4 59. Qb6 Bd5 60. Qg6+ Kh3 61. Qh5+ Qh4 62. Qxh4# 1-0